Riḥlah khārij al-sūr : masraḥīyah min thalāthat fuṣūl /

محفوظ في:

المؤلف الرئيسي: Rushdī, Rashād (مؤلف)

التنسيق: كتاب

اللغة: Arabic

منشور في: al-Qāhirah : Majallat al-Masraḥ, 1964.

سلاسل: Ibdāʻ al-ʻArabī. Masraḥīyah ; 2.

الموضوعات:

الوسوم: إضافة وسم

لا توجد وسوم, كن أول من يضع وسما على هذه التسجيلة!

رقم الطلب: PJ7860 .U777 R5 1964

LEADER 00986nam a2200229Ia 4500
003 OSt
005 20231206141149.0
008 130303s1964 ua 000 d ara d
952 |0 0  |1 0  |2 lcc  |4 0  |6 PJ7860 U777 R5 01964  |7 1  |9 57298  |a ARCE  |b ARCE  |d 2023-12-06  |l 0  |o PJ7860 .U777 R5 1964  |p 1030068  |r 2023-12-06 00:00:00  |w 2023-12-06  |y BK 
999 |c 24728  |d 24728 
040 |c ARCE Library 
050 4 |a PJ7860 .U777 R5 1964 
100 1 |6 880-01  |a Rushdī, Rashād,  |e author 
245 1 0 |6 880-02  |a Riḥlah khārij al-sūr :   |b masraḥīyah min thalāthat fuṣūl /   |c Taʾlīf Rashād Rushdī. 
264 1 |a al-Qāhirah :   |b Majallat al-Masraḥ,   |c 1964. 
300 |a 161 pages ;   |c 20 cm. 
490 0 |a Ibdāʻ al-ʻArabī. Masraḥīyah ;   |v 2. 
650 0 |a Arabic drama  |z Egypt  |y 20th century. 
880 1 |6 100-01/(3/r  |a  رشدي، رشاد 
880 1 0 |6 245-02/(3/r  |a رحلة خارج السور :   |b مسرحية من ثلاثة فصول   |c تأليف رشاد رشدي 
901 |a reviewed 
942 |c BK  |2 lcc